000
00250nam a22000977a 4500
008
160506b xxu||||| |||| 00| 0 eng d
041
_a
eng
080
_a
61
245
_a
Urgjenca mjekesore:
_c
Mujë Shala; Basri Lenjani; Tefik Bekteshi;
942
_2
udc
_c
BK
999
_c
1844
_d
1844